[Event "C.to Italiano U16"]
[Site "Tarvisio ITA"]
[Date "2014.07.04"]
[Round "8"]
[White "Gennari, Jacopo"]
[Black "Marzaduri, Riccardo"]
[WhiteElo "1846"]
[BlackElo "1962"]
[Result "1-0"]
[PlyCount "69"]
[EventDate "2014.06.29"]

1. d4 e6 2. c4 Nf6 3. Nc3 c5 4. d5 exd5 5. cxd5 d6 6. e4 g6 7. f4 Bg7 8. Nf3
O-O 9. Be2 b5 10. e5 dxe5 11. fxe5 Ng4 12. Bf4 Re8 13. Bxb5 Bd7 14. O-O Qb6 15.
Bxd7 Nxd7 16. Na4 Qb4 17. Ng5 Ngxe5 18. a3 Qa5 19. Nc3 Qa6 20. Bg3 h6 21. Nge4
f5 22. Nd2 Ng4 23. Qb3 Bd4+ 24. Kh1 Nde5 25. Nf3 Nc4 26. Nb5 Na5 27. Qa4 Reb8
28. Bxb8 Rxb8 29. Nbxd4 cxd4 30. b4 Qe2 31. Rae1 Qb2 32. Re8+ Rxe8 33. Qxe8+
Kg7 34. Ne5 Nf2+ 35. Kg1 1-0

[Event "C.to Italiano U16"]
[Site "Tarvisio ITA"]
[Date "2014.07.04"]
[Round "8"]
[White "Varriale, Luca"]
[Black "Favilli, Edoardo"]
[WhiteElo "1959"]
[BlackElo "1837"]
[Result "1-0"]
[PlyCount "121"]
[EventDate "2014.06.29"]

1. d4 d5 2. c4 e6 3. Nc3 c6 4. Nf3 dxc4 5. a4 Bb4 6. e4 b5 7. Bd2 Bxc3 8. Bxc3
Nf6 9. axb5 cxb5 10. Ba5 Qd7 11. b3 cxb3 12. Qxb3 a6 13. Bd3 Bb7 14. Rc1 Nc6
15. Bb6 Rc8 16. O-O O-O 17. Rfd1 Rb8 18. Bb1 Rfc8 19. Bc5 Na5 20. Qe3 Nc4 21.
Qf4 Qc7 22. e5 Bxf3 23. Qxf3 Ne8 24. Rc3 Qd7 25. Qg4 f5 26. exf6 Nxf6 27. Qe2
Nd5 28. Rg3 Qf7 29. Rf3 Qd7 30. Re1 Re8 31. h4 Nd6 32. h5 Nb7 33. Qc2 Nf6 34.
h6 Nxc5 35. dxc5 Rf8 36. hxg7 Kxg7 37. c6 Qf7 38. Qa2 Qc7 39. Rxe6 Rbe8 40.
Rg3+ Kh8 41. Rxe8 Rxe8 42. Qd2 Qxc6 43. Rh3 Qe6 44. Qd4 Qe1+ 45. Kh2 Qe5+ 46.
Qxe5 Rxe5 47. Kg3 a5 48. Kf4 Re1 49. Bd3 b4 50. g4 Kg7 51. g5 Nd5+ 52. Kf3 b3
53. Rxh7+ Kf8 54. Ra7 Ra1 55. g6 Nb6 56. Rb7 Nd5 57. g7+ Kg8 58. Bc4 Rd1 59.
Ke4 Re1+ 60. Kxd5 b2 61. Kc5+ 1-0

[Event "C.to Italiano U16"]
[Site "Tarvisio ITA"]
[Date "2014.07.04"]
[Round "8"]
[White "Yao, Stefano"]
[Black "Vitale, Alessandro"]
[WhiteElo "2152"]
[BlackElo "1802"]
[Result "1-0"]
[PlyCount "61"]
[EventDate "2014.06.29"]

1. d4 f5 2. Nc3 Nf6 3. Bg5 d5 4. Bxf6 exf6 5. e3 c6 6. Bd3 Be6 7. Qf3 Qd7 8. h4
Na6 9. a3 Bd6 10. Nge2 O-O 11. Nf4 Bf7 12. h5 Rfe8 13. O-O-O b5 14. Nce2 Qc7
15. g4 b4 16. a4 b3 17. Bxa6 bxc2 18. Rd2 Qa5 19. Bd3 c5 20. Bxc2 c4 21. Nc3
Bb4 22. Nfe2 Rab8 23. Bb1 Bxc3 24. Nxc3 Rxb2 25. Rxb2 Qxc3+ 26. Bc2 Qa3 27. Kb1
c3 28. Rb7 Rd8 29. Qxf5 g6 30. Qxf6 Qf8 31. hxg6 1-0

[Event "C.to Italiano U16"]
[Site "Tarvisio ITA"]
[Date "2014.07.05"]
[Round "9"]
[White "Fox, Jonas"]
[Black "Dobboletta, Alex"]
[WhiteElo "1940"]
[BlackElo "2041"]
[Result "1/2-1/2"]
[PlyCount "81"]
[EventDate "2014.06.29"]

1. e4 c5 2. d4 cxd4 3. c3 d3 4. Bxd3 d5 5. Bb5+ Bd7 6. Bxd7+ Nxd7 7. exd5 Nb6
8. d6 Qxd6 9. Qxd6 exd6 10. Bf4 Nf6 11. Na3 Be7 12. O-O-O O-O 13. Nf3 Ne4 14.
Be3 d5 15. Nb5 Rfd8 16. Rhe1 Nc4 17. Nc7 Nxe3 18. Rxe3 Bc5 19. Nxa8 Nxf2 20.
Rde1 Bxe3+ 21. Rxe3 Rxa8 22. Re7 Nd3+ 23. Kc2 Nc5 24. b4 Kf8 25. Rc7 Ne4 26.
Rxb7 a5 27. b5 Nd6 28. Rd7 Nxb5 29. Rxd5 Nc7 30. Rc5 Ne6 31. Rb5 Ra7 32. Ne5
Nc7 33. Rb8+ Ne8 34. Nc4 Ke7 35. Rb5 a4 36. Ra5 Rxa5 37. Nxa5 Kd6 38. Nb7+ Kd5
39. Kd3 f6 40. c4+ Kc6 41. Nd8+ 1/2-1/2

[Event "C.to Italiano U16"]
[Site "Tarvisio ITA"]
[Date "2014.07.05"]
[Round "9"]
[White "Gueci, Tea"]
[Black "Briata, Federico"]
[WhiteElo "2090"]
[BlackElo "1966"]
[Result "0-1"]
[PlyCount "86"]
[EventDate "2014.06.29"]

1. e4 c5 2. Nf3 d6 3. d4 cxd4 4. Nxd4 Nf6 5. Nc3 a6 6. f3 e6 7. Be3 b5 8. Qd2
Nbd7 9. O-O-O Bb7 10. g4 Nb6 11. Qf2 Nfd7 12. Kb1 Rc8 13. Nce2 d5 14. exd5 Nxd5
15. Bc1 Bc5 16. Qg3 N7b6 17. Qe5 Qf6 18. Qxf6 Nxf6 19. Bg2 Nxg4 20. fxg4 Bxg2
21. Rhg1 Bb7 22. Ng3 O-O 23. Rgf1 Rfe8 24. Nf3 Rcd8 25. Ng5 Rxd1 26. Rxd1 Be7
27. Rf1 Rf8 28. N5e4 Bxe4 29. Nxe4 f5 30. Ng3 g6 31. Re1 Kf7 32. Ne2 e5 33.
gxf5 gxf5 34. Ng3 Ke6 35. Nh5 Rg8 36. Bh6 Bf6 37. Nf4+ Kf7 38. Nd3 f4 39. Nxf4
exf4 40. Bxf4 Rg2 41. h3 Nc4 42. Bc1 Rh2 43. Rf1 Nd2+ 0-1

[Event "C.to Italiano U16"]
[Site "Tarvisio ITA"]
[Date "2014.07.05"]
[Round "9"]
[White "Lovo, Alessandro"]
[Black "Favaloro, Andrea"]
[WhiteElo "1778"]
[BlackElo "1983"]
[Result "0-1"]
[PlyCount "76"]
[EventDate "2014.06.29"]

1. d4 Nf6 2. Nc3 c5 3. Nf3 cxd4 4. Nxd4 g6 5. e4 d6 6. h4 Bg7 7. Be3 O-O 8. Be2
h5 9. Qd2 Nc6 10. Bc4 Ng4 11. Nde2 Nxe3 12. Qxe3 Ne5 13. Bb3 Bd7 14. f3 b5 15.
Bd5 Rc8 16. a3 a5 17. Bb3 Nc4 18. Qg5 e6 19. Qxd8 Rfxd8 20. O-O-O b4 21. axb4
axb4 22. Bxc4 bxc3 23. Bb3 cxb2+ 24. Kb1 Ra8 25. c3 Rdb8 26. Kxb2 Ba4 27. Nc1
Bh6 28. Kc2 Bxb3+ 29. Nxb3 Ra2+ 30. Kb1 Rxg2 31. Rxd6 Rxb3+ 32. Ka1 Rxc3 33. e5
Rcc2 34. Ra6 Bf4 35. Ra5 Rge2 36. Kb1 Rb2+ 37. Ka1 Rb3 38. Rh2 Bxe5+ 0-1

[Event "C.to Italiano U16"]
[Site "Tarvisio ITA"]
[Date "2014.07.05"]
[Round "9"]
[White "Marzaduri, Riccardo"]
[Black "Bergamasco, Tommaso"]
[WhiteElo "1962"]
[BlackElo "1814"]
[Result "1/2-1/2"]
[PlyCount "50"]
[EventDate "2014.06.29"]

1. e4 e5 2. Nf3 Nc6 3. Bc4 Bc5 4. d3 Nf6 5. Nc3 a6 6. a4 d6 7. Bg5 h6 8. Bxf6
Qxf6 9. Nd5 Qd8 10. c3 Ba7 11. h3 O-O 12. b4 Ne7 13. b5 Nxd5 14. exd5 axb5 15.
axb5 Bf5 16. O-O Qf6 17. Nd2 Qg6 18. Qf3 Bd7 19. Kh2 f5 20. Qg3 Qxg3+ 21. Kxg3
g5 22. Kh2 Bb6 23. Kg1 Kf7 24. Nb3 h5 25. d4 exd4 1/2-1/2

[Event "C.to Italiano U16"]
[Site "Tarvisio ITA"]
[Date "2014.07.05"]
[Round "9"]
[White "Varriale, Luca"]
[Black "Yao, Stefano"]
[WhiteElo "1959"]
[BlackElo "2152"]
[Result "1-0"]
[PlyCount "95"]
[EventDate "2014.06.29"]

1. d4 Nf6 2. c4 e6 3. Nc3 Bb4 4. a3 Bxc3+ 5. bxc3 c5 6. e3 Nc6 7. Bd3 d6 8. Ne2
e5 9. O-O O-O 10. e4 h6 11. d5 Ne7 12. f4 exf4 13. Nxf4 Ng4 14. Qe1 Ne5 15. Qg3
Kh8 16. Ra2 b5 17. cxb5 a6 18. bxa6 c4 19. Bb1 Rxa6 20. Kh1 Qb6 21. Bc2 Qa7 22.
Ne2 Qa8 23. Nd4 Bd7 24. Nf3 Nxf3 25. gxf3 Qe8 26. Rg1 Rg8 27. Bf4 Nc8 28. Be3
f6 29. Qh4 Qf8 30. Bb1 Be8 31. f4 Ne7 32. Bd4 Bg6 33. f5 Be8 34. Rag2 Kh7 35.
Qg3 Bh5 36. h3 Qb8 37. Kh2 Rxa3 38. Qh4 Qe8 39. Qf4 Ra6 40. Ba2 Qa8 41. Bxc4
Ra1 42. Qxd6 Rxg1 43. Rxg1 Nc8 44. Qc6 Qa3 45. d6 Rf8 46. d7 Qd6+ 47. Qxd6 Nxd6
48. Bc5 1-0

[Event "C.to Italiano U16"]
[Site "Tarvisio ITA"]
[Date "2014.07.05"]
[Round "9"]
[White "Zamengo, Fulvio"]
[Black "Gennari, Jacopo"]
[WhiteElo "2168"]
[BlackElo "1846"]
[Result "1/2-1/2"]
[PlyCount "30"]
[EventDate "2014.06.29"]

1. e4 d6 2. d4 Nf6 3. Nc3 g6 4. f4 Bg7 5. Nf3 c5 6. e5 Ng4 7. Bb5+ Bd7 8. e6
fxe6 9. Ng5 Bxd4 10. Nxe6 Bxb5 11. Nxd8 Bf2+ 12. Kd2 Be3+ 13. Ke1 Bf2+ 14. Kd2
Be3+ 15. Ke1 Bf2+ 1/2-1/2

[Event "C.to Italiano U16F"]
[Site "Tarvisio ITA"]
[Date "2014.06.30"]
[Round "2"]
[White "Bresciani, Daniela"]
[Black "Santeramo, Alessia Carmen"]
[WhiteElo "1629"]
[BlackElo "1948"]
[Result "1/2-1/2"]
[PlyCount "62"]
[EventDate "2014.06.29"]

1. d4 Nf6 2. c4 c5 3. d5 b5 4. cxb5 a6 5. bxa6 g6 6. Nc3 Bxa6 7. e4 Bxf1 8.
Kxf1 d6 9. Nf3 Nbd7 10. g3 Bg7 11. Kg2 O-O 12. Qc2 Qa5 13. a4 Nb6 14. Nb5 Qb4
15. Nc3 Rfb8 16. Bd2 Nc4 17. Nb5 Nxd2 18. Nxd2 Nd7 19. Nc4 Ne5 20. Nxe5 Bxe5
21. Rhb1 Ra5 22. Nc3 Qc4 23. Ra3 Rb4 24. Rba1 h5 25. f3 h4 26. R1a2 h3+ 27.
Kxh3 Kg7 28. Kg2 g5 29. h3 Bf6 30. Ra1 Qd4 31. R1a2 Rc4 1/2-1/2

[Event "C.to Italiano U16F"]
[Site "Tarvisio ITA"]
[Date "2014.06.30"]
[Round "2"]
[White "Paolillo, Gaia"]
[Black "Celati, Sara"]
[WhiteElo "1916"]
[BlackElo "1645"]
[Result "1-0"]
[PlyCount "59"]
[EventDate "2014.06.29"]

1. e4 Nf6 2. Nc3 d6 3. d4 c6 4. g3 Qb6 5. Nf3 Bg4 6. Bg2 Nbd7 7. O-O e5 8. dxe5
Nxe5 9. h3 Nxf3+ 10. Bxf3 Bxh3 11. Re1 O-O-O 12. a4 a5 13. Be3 Qb4 14. Na2 Qc4
15. b3 Qe6 16. Bb6 Re8 17. Qd2 Nd7 18. Qxa5 Nb8 19. Qa8 h5 20. a5 h4 21. a6
bxa6 22. Nb4 Qd7 23. Nxa6 Qb7 24. Nxb8 Qxa8 25. Rxa8 Kb7 26. Rea1 Kxb6 27. g4
Be7 28. Nd7+ Kb5 29. R1a4 c5 30. e5 1-0

[Event "C.to Italiano U16F"]
[Site "Tarvisio ITA"]
[Date "2014.06.30"]
[Round "3"]
[White "Bizzarro, Sofia"]
[Black "Lazzarini, Irene"]
[WhiteElo "1824"]
[BlackElo "1676"]
[Result "1/2-1/2"]
[PlyCount "69"]
[EventDate "2014.06.29"]

1. e4 c6 2. d4 d5 3. e5 c5 4. Nf3 Bg4 5. Be2 Nc6 6. c3 e6 7. Be3 Qb6 8. Qd2
Bxf3 9. Bxf3 cxd4 10. Bxd4 Nxd4 11. cxd4 Bb4 12. Nc3 Nh6 13. a3 Be7 14. O-O O-O
15. Rad1 Nf5 16. Bg4 Nh6 17. Bh3 Rad8 18. Rfe1 Nf5 19. Re2 Rfe8 20. Bxf5 exf5
21. Qf4 Qg6 22. Qf3 Qe6 23. Rc1 Rc8 24. Rcc2 Red8 25. g3 Rc4 26. Qd3 Rc6 27.
Nb5 a6 28. Rxc6 Qxc6 29. Nc3 Qg6 30. f4 Qe6 31. Kg2 g6 32. Qf3 Qc6 33. Qe3 Qe6
34. Qd3 Qc6 35. Qe3 1/2-1/2

[Event "C.to Italiano U16F"]
[Site "Tarvisio ITA"]
[Date "2014.06.30"]
[Round "3"]
[White "Capaliku, Margeri"]
[Black "Paolillo, Gaia"]
[WhiteElo "1377"]
[BlackElo "1916"]
[Result "0-1"]
[PlyCount "70"]
[EventDate "2014.06.29"]

1. e4 e5 2. Nf3 Nc6 3. d4 exd4 4. Bc4 Bc5 5. O-O Nf6 6. e5 d5 7. exf6 dxc4 8.
Re1+ Be6 9. fxg7 Rg8 10. Ng5 Qd5 11. Ne4 Be7 12. Ng3 Rxg7 13. Bf4 O-O-O 14. a4
Bg5 15. Re4 f5 16. Bxg5 fxe4 17. Bxd8 Nxd8 18. Na3 Re7 19. Nb5 Nc6 20. Qd2 a6
21. Na3 Bf7 22. Rd1 Bg6 23. Qh6 d3 24. c3 b5 25. axb5 axb5 26. Qh3+ Kb7 27. Qh4
e3 28. fxe3 Rxe3 29. Nf1 Re2 30. Qg3 Rxb2 31. Ne3 Qc5 32. Nb1 Re2 33. Re1 d2
34. Rxe2 d1=Q+ 35. Re1 Qdd6 0-1

[Event "C.to Italiano U16F"]
[Site "Tarvisio ITA"]
[Date "2014.07.01"]
[Round "4"]
[White "Lazzarini, Irene"]
[Black "Santeramo, Alessia Carmen"]
[WhiteElo "1676"]
[BlackElo "1948"]
[Result "0-1"]
[PlyCount "98"]
[EventDate "2014.06.29"]

1. d4 Nf6 2. Bf4 e6 3. e3 c5 4. c3 Qb6 5. Qb3 d6 6. Nd2 Qxb3 7. axb3 Nh5 8. Bg3
Nxg3 9. hxg3 d5 10. c4 cxd4 11. exd4 Nc6 12. Ngf3 Be7 13. Rd1 Nb4 14. Rc1 O-O
15. Be2 Rd8 16. O-O Bf6 17. Rfd1 b6 18. Ne5 Ba6 19. Ndf3 Be7 20. Bf1 f6 21. Ng4
Rdc8 22. Ne3 Bb7 23. Be2 a5 24. Ra1 Rd8 25. Kf1 Kf7 26. Kg1 Rd7 27. Rd2 Rad8
28. Rad1 Bf8 29. Kf1 Kg8 30. Kg1 Kf7 31. Kf1 g6 32. Kg1 Rc8 33. Rc1 Bh6 34.
Rcd1 Rdc7 35. Rc1 Ba6 36. g4 Bxe3 37. fxe3 dxc4 38. bxc4 Bxc4 39. Bxc4 Rxc4 40.
Rcd1 g5 41. Ne1 Rc1 42. Kf2 b5 43. Rxc1 Rxc1 44. Nd3 Nxd3+ 45. Rxd3 Rc2+ 46.
Kf3 Rxb2 47. Ra3 a4 48. g3 Rb3 49. Ra1 a3 0-1

[Event "C.to Italiano U16F"]
[Site "Tarvisio ITA"]
[Date "2014.07.01"]
[Round "4"]
[White "Paolillo, Gaia"]
[Black "Bizzarro, Sofia"]
[WhiteElo "1916"]
[BlackElo "1824"]
[Result "1-0"]
[PlyCount "119"]
[EventDate "2014.06.29"]

1. Nf3 d5 2. c4 e6 3. e3 Nf6 4. d4 c6 5. Bd3 Nbd7 6. Qc2 Bd6 7. O-O O-O 8. Nc3
dxc4 9. Bxc4 e5 10. Rd1 Qe7 11. dxe5 Nxe5 12. Be2 Bg4 13. Nd4 Bxe2 14. Ncxe2
Rad8 15. Nf5 Qc7 16. Bd2 Rfe8 17. Nxd6 Rxd6 18. Nd4 Rd7 19. Rac1 a6 20. f3 Ng6
21. Nf5 Nd5 22. e4 Ndf4 23. Bc3 Ne6 24. Rxd7 Qxd7 25. Rd1 Qc7 26. Rd6 Rd8 27.
Qd2 Rxd6 28. Nxd6 f6 29. g3 Ne5 30. Kg2 Nf7 31. Nxf7 Qxf7 32. f4 Nc7 33. Qd8+
Ne8 34. Kf2 h6 35. e5 fxe5 36. Bxe5 Kh7 37. Qd3+ Kg8 38. b3 Nf6 39. Qd8+ Kh7
40. Bxf6 gxf6 41. Qd3+ Kg7 42. f5 Qe7 43. Kf3 c5 44. Qe4 Qf7 45. Kf4 h5 46. h3
Qc7+ 47. Kf3 Qf7 48. h4 Qd7 49. Ke2 Qb5+ 50. Kd2 Qa5+ 51. Kd3 Qb5+ 52. Kc2 Qd7
53. g4 Kh6 54. Qf4+ Kh7 55. g5 fxg5 56. hxg5 Qe7 57. f6 Qf7 58. Kc3 b5 59. Qf5+
Kg8 60. g6 1-0

[Event "C.to Italiano U16F"]
[Site "Tarvisio ITA"]
[Date "2014.07.02"]
[Round "5"]
[White "Capaliku, Margeri"]
[Black "Pistis, Laura"]
[WhiteElo "1377"]
[BlackElo "1401"]
[Result "0-1"]
[PlyCount "30"]
[EventDate "2014.06.29"]

1. e4 c6 2. Nf3 d5 3. exd5 cxd5 4. d4 Nf6 5. Nc3 e6 6. Bd3 Bd6 7. Bg5 O-O 8.
Qd2 Nc6 9. O-O Bd7 10. Rfe1 Rc8 11. Ne5 Be7 12. Re2 Nxd4 13. Bxh7+ Nxh7 14.
Bxe7 Nxe2+ 15. Qxe2 Qxe7 0-1

[Event "C.to Italiano U16F"]
[Site "Tarvisio ITA"]
[Date "2014.07.02"]
[Round "5"]
[White "Santeramo, Alessia Carmen"]
[Black "Paolillo, Gaia"]
[WhiteElo "1948"]
[BlackElo "1916"]
[Result "1/2-1/2"]
[PlyCount "51"]
[EventDate "2014.06.29"]

1. e4 e6 2. d4 d5 3. e5 c5 4. c3 Qb6 5. Nf3 Nc6 6. a3 Nh6 7. b4 cxd4 8. cxd4
Nf5 9. Be3 f6 10. exf6 gxf6 11. Nc3 Nxe3 12. fxe3 Bh6 13. Qd3 Bd7 14. Be2 Ne7
15. O-O O-O 16. Nh4 Be8 17. Rf3 Ng6 18. Nxg6 Bxg6 19. Qd2 Rac8 20. Bd3 Rc7 21.
Rg3 Rg7 22. Bxg6 hxg6 23. Qd3 f5 24. Ne2 Rc8 25. Rf1 Rc4 26. Rh3 1/2-1/2

[Event "C.to Italiano U16F"]
[Site "Tarvisio ITA"]
[Date "2014.07.02"]
[Round "6"]
[White "Bizzarro, Sofia"]
[Black "Santeramo, Alessia Carmen"]
[WhiteElo "1824"]
[BlackElo "1948"]
[Result "0-1"]
[PlyCount "60"]
[EventDate "2014.06.29"]

1. e4 c5 2. Nf3 e6 3. d4 cxd4 4. Nxd4 a6 5. Nc3 Qc7 6. Be2 b5 7. a3 Bb7 8. O-O
Nf6 9. f3 Bd6 10. h3 Nh5 11. f4 Nxf4 12. Bxf4 Bxf4 13. Qd3 O-O 14. Bf3 Be5 15.
Nde2 Bxc3 16. Nxc3 Nc6 17. Kh1 Ne5 18. Qe2 Nc4 19. b4 Rac8 20. Rfc1 Ne5 21. Nd1
Nxf3 22. Qxf3 f5 23. Qe2 Bxe4 24. c3 Rf6 25. Nf2 Bd5 26. Nd3 Rg6 27. Ne1 Qg3
28. Nf3 Rh6 29. Ng1 Rc4 30. Ra2 Re4 0-1

[Event "C.to Italiano U16F"]
[Site "Tarvisio ITA"]
[Date "2014.07.02"]
[Round "6"]
[White "Paolillo, Gaia"]
[Black "Pistis, Laura"]
[WhiteElo "1916"]
[BlackElo "1401"]
[Result "1-0"]
[PlyCount "67"]
[EventDate "2014.06.29"]

1. Nf3 d5 2. c4 e6 3. d4 c5 4. e3 Nf6 5. Nc3 Nc6 6. Ne5 cxd4 7. exd4 Bd7 8.
cxd5 exd5 9. Nxd7 Qxd7 10. Bb5 Be7 11. O-O O-O 12. Be3 a6 13. Ba4 Bd6 14. h3
Rac8 15. Qf3 Bb8 16. Rad1 b5 17. Bb3 Ne7 18. Bg5 b4 19. Bxf6 bxc3 20. Bxe7 Qxe7
21. bxc3 Qd6 22. g3 Rcd8 23. Rfe1 f5 24. Re5 Qg6 25. Rxd5 Rxd5 26. Bxd5+ Kh8
27. Re1 Qh6 28. Kg2 Qd6 29. c4 Qd8 30. c5 Ba7 31. Rd1 Qa5 32. Bb3 Qc7 33. c6
Rf6 34. d5 1-0

[Event "C.to Italiano U16F"]
[Site "Tarvisio ITA"]
[Date "2014.07.03"]
[Round "7"]
[White "Acampora, Laura"]
[Black "Paolillo, Gaia"]
[WhiteElo "1365"]
[BlackElo "1916"]
[Result "0-1"]
[PlyCount "56"]
[EventDate "2014.06.29"]

1. e4 e5 2. Nf3 Nc6 3. Bc4 Bc5 4. d3 d6 5. Be3 Bb6 6. Nbd2 Nf6 7. c3 O-O 8. O-O
Ne7 9. Re1 Ng6 10. Qc2 h6 11. Bb3 Kh8 12. h3 Nh5 13. d4 Qe7 14. d5 f5 15. exf5
Bxf5 16. Qc1 Nhf4 17. Bc2 Bxc2 18. Qxc2 Nh4 19. Bxf4 Rxf4 20. Re4 Raf8 21. Rxf4
Rxf4 22. Qd1 Nxf3+ 23. Nxf3 e4 24. Qe2 Qf6 25. Nd2 Rxf2 26. Qb5 Rf1+ 27. Kh2
Qf4+ 28. g3 Qf2# 0-1

[Event "C.to Italiano U16F"]
[Site "Tarvisio ITA"]
[Date "2014.07.03"]
[Round "7"]
[White "Pistis, Laura"]
[Black "Santeramo, Alessia Carmen"]
[WhiteElo "1401"]
[BlackElo "1948"]
[Result "0-1"]
[PlyCount "66"]
[EventDate "2014.06.29"]

1. d4 Nf6 2. c4 c5 3. d5 b5 4. b3 g6 5. Bf4 d6 6. Nd2 Bg7 7. Rc1 Qa5 8. Qc2 Bf5
9. e4 Bxe4 10. Qd1 O-O 11. Ngf3 Bf5 12. Be2 Nh5 13. Be3 Bb2 14. Bh6 Bxc1 15.
Bxf8 Bxd2+ 16. Qxd2 Qxd2+ 17. Nxd2 Kxf8 18. O-O Nf6 19. Nf3 Bg4 20. Re1 Nbd7
21. h3 Bxf3 22. Bxf3 bxc4 23. bxc4 Rb8 24. Bd1 Rb1 25. Kf1 Nb6 26. Bb3 Rxe1+
27. Kxe1 Nh5 28. g3 Nf6 29. Ke2 a5 30. a4 e6 31. dxe6 fxe6 32. Kd3 Ke7 33. g4
g5 0-1

[Event "C.to Italiano U16F"]
[Site "Tarvisio ITA"]
[Date "2014.07.04"]
[Round "8"]
[White "Paolillo, Gaia"]
[Black "Bresciani, Daniela"]
[WhiteElo "1916"]
[BlackElo "1629"]
[Result "1-0"]
[PlyCount "127"]
[EventDate "2014.06.29"]

1. Nf3 d5 2. c4 c6 3. d4 Nf6 4. e3 e6 5. Bd3 Nbd7 6. Nbd2 Bd6 7. O-O O-O 8. e4
dxe4 9. Nxe4 Nxe4 10. Bxe4 e5 11. dxe5 Nxe5 12. Nxe5 Bxe5 13. Bxh7+ Kxh7 14.
Qh5+ Kg8 15. Qxe5 Re8 16. Qc3 Be6 17. Be3 Qc7 18. Rfe1 c5 19. Bg5 f6 20. Be3
Rad8 21. h3 b6 22. b3 Kf7 23. Qc2 Kg8 24. Qe2 Bf7 25. Qg4 Be6 26. Qf3 Bf7 27.
Qf4 Qc6 28. Rad1 Kf8 29. h4 Kg8 30. Qg4 Be6 31. Qg3 Bf7 32. Bh6 g6 33. Rxd8
Rxd8 34. Re7 a6 35. h5 Qd6 36. Qxd6 Rxd6 37. hxg6 Bxg6 38. Rg7+ Kh8 39. Rxg6
Kh7 40. Rg7+ Kxh6 41. Rb7 Kg5 42. g3 Re6 43. Kg2 Rd6 44. Rb8 Kf5 45. Rb7 Kg5
46. f4+ Kf5 47. Kf3 Rd3+ 48. Kf2 Rd6 49. Ke3 Re6+ 50. Kf3 Rd6 51. g4+ Kg6 52.
Kg3 Rd3+ 53. Kh4 Rd6 54. Rb8 Kh6 55. f5 Rc6 56. Re8 Rd6 57. Kg3 Rd3+ 58. Kf4
Rd4+ 59. Re4 Rd6 60. Re6 Rxe6 61. fxe6 Kg6 62. Ke4 Kg7 63. Kf5 b5 64. a3 1-0

[Event "C.to Italiano U16F"]
[Site "Tarvisio ITA"]
[Date "2014.07.04"]
[Round "8"]
[White "Santeramo, Alessia Carmen"]
[Black "Acampora, Laura"]
[WhiteElo "1948"]
[BlackElo "1365"]
[Result "1-0"]
[PlyCount "49"]
[EventDate "2014.06.29"]

1. e4 e5 2. Nf3 Nc6 3. Bb5 a6 4. Ba4 b5 5. Bb3 Nf6 6. O-O Bc5 7. c3 d6 8. d4
exd4 9. cxd4 Bb6 10. Bg5 h6 11. Bxf6 Qxf6 12. Bd5 Bd7 13. e5 Qf5 14. Qc1 Nb4
15. Bxa8 Nc2 16. Nc3 Nxa1 17. Be4 Qg4 18. h3 Qe6 19. Qxa1 O-O 20. Qb1 b4 21.
Nd5 Bc6 22. Nxb6 Bxe4 23. Qxe4 cxb6 24. d5 dxe5 25. dxe6 1-0

[Event "C.to Italiano U16F"]
[Site "Tarvisio ITA"]
[Date "2014.07.05"]
[Round "9"]
[White "Celati, Sara"]
[Black "Santeramo, Alessia Carmen"]
[WhiteElo "1645"]
[BlackElo "1948"]
[Result "0-1"]
[PlyCount "96"]
[EventDate "2014.06.29"]

1. d4 Nf6 2. Nf3 e6 3. c4 Bb4+ 4. Bd2 c5 5. dxc5 Bxc5 6. Nc3 Nc6 7. g3 Ng4 8.
e3 Nce5 9. Nxe5 Nxe5 10. f4 Nc6 11. a3 b6 12. Bg2 Bb7 13. b4 Be7 14. Be4 a6 15.
Rf1 Rc8 16. Qb3 Ba8 17. Rd1 h5 18. h4 Qc7 19. Bf3 Na7 20. Bxa8 Rxa8 21. Ne2 Bf6
22. Qd3 a5 23. Kf2 Nc6 24. b5 Ne7 25. Bc3 Ng8 26. Ke1 Rc8 27. Be5 Bxe5 28. fxe5
Nh6 29. Qd6 Nf5 30. Qd3 Nh6 31. Rf2 Ng4 32. Rf4 Nxe5 33. Qd4 O-O 34. Qe4 Ng6
35. Rf3 Qxc4 36. Qb7 Qxb5 37. Rxd7 Ne5 38. Rdxf7 Nxf7 39. Qe7 Rce8 40. Qc7 Ne5
41. Rf4 Nd3+ 42. Kf1 Nxf4 43. gxf4 Qc5 44. Qd7 Qxe3 45. Qc6 Rd8 46. Qc2 Rd2 47.
Qg6 Qxe2+ 48. Kg1 Rd1# 0-1

[Event "C.to Italiano U16F"]
[Site "Tarvisio ITA"]
[Date "2014.07.05"]
[Round "9"]
[White "Paolillo, Gaia"]
[Black "Petaros, Mojca"]
[WhiteElo "1916"]
[BlackElo "1380"]
[Result "1-0"]
[PlyCount "37"]
[EventDate "2014.06.29"]

1. e4 e5 2. Nf3 Nc6 3. Bc4 Nf6 4. d3 Bc5 5. c3 O-O 6. Bb3 d6 7. O-O Bg4 8. Nbd2
Re8 9. Re1 b5 10. Nf1 b4 11. h3 Bh5 12. Ng3 Bg6 13. Ba4 Qd7 14. d4 Bxd4 15.
cxd4 exd4 16. Nxd4 Bxe4 17. Nxe4 Qe7 18. Bxc6 Nxe4 19. Rxe4 1-0

[Event "LIX C.to Torinese Assoluto Semifinale"]
[Site "Torino ITA"]
[Date "2014.05.12"]
[Round "2"]
[White "Raccanello, Marianna"]
[Black "Finocchiaro, Gianluca"]
[WhiteElo "1582"]
[BlackElo "2105"]
[Result "1/2-1/2"]
[PlyCount "158"]
[EventDate "2014.05.05"]

1. e4 c5 2. Nf3 e6 3. d4 cxd4 4. Nxd4 a6 5. Nc3 b5 6. Bf4 d6 7. Be3 Nf6 8. Bd3
Bb7 9. a3 Nbd7 10. O-O Be7 11. f4 Qc7 12. Qe2 O-O 13. Rae1 Rac8 14. Bc1 b4 15.
axb4 Qb6 16. Be3 Qxb4 17. Rb1 Nc5 18. Bf2 Nxd3 19. cxd3 d5 20. e5 Nd7 21. f5
Bc5 22. fxe6 Bxd4 23. exd7 Rcd8 24. e6 Bf6 25. Bg3 Qb6+ 26. Kh1 fxe6 27. Rbe1
Rxd7 28. Qxe6+ Qxe6 29. Rxe6 Rdf7 30. Ree1 h5 31. h3 h4 32. Bd6 Rc8 33. Bb4 Bc6
34. Kh2 Rb8 35. Ba3 Rb3 36. Rc1 Bxc3 37. Rxc3 Rxc3 38. Rxf7 Rxa3 39. Rc7 Rxd3
40. Rxc6 Rd2 41. Rxa6 Rxb2 42. Rd6 Rd2 43. Rg6 Rd4 44. Rg5 Kf7 45. g4 g6 46.
Re5 Rd2+ 47. Kg1 Kf6 48. Re8 Kg5 49. Rf8 d4 50. Kf1 d3 51. Rf3 Rd1+ 52. Kf2 d2
53. Ke2 Rg1 54. Kxd2 Rg3 55. Ke2 Rg2+ 56. Kf1 Ra2 57. Kg1 Ra4 58. Kg2 Rf4 59.
Kf2 Ra4 60. Kg2 Ra2+ 61. Kg1 Kh6 62. Rf2 Ra3 63. Kg2 Rg3+ 64. Kh2 Kg7 65. Rg2
Rf3 66. g5 Rf5 67. Rg4 Kf7 68. Kg2 Ke6 69. Rxh4 Rxg5+ 70. Kf3 Rg1 71. Rg4 Rf1+
72. Kg3 Kf5 73. Kh4 Re1 74. Rg5+ Kf6 75. Rg4 Re3 76. Rg5 Re4+ 77. Rg4 g5+ 78.
Kh5 Re3 79. Rxg5 Rxh3+ 1/2-1/2

[Event "LIX C.to Torinese Assoluto Semifinale"]
[Site "Torino ITA"]
[Date "2014.05.12"]
[Round "2"]
[White "Yao, Stefano"]
[Black "Bertagia, Roldano"]
[WhiteElo "2139"]
[BlackElo "1926"]
[Result "1/2-1/2"]
[PlyCount "102"]
[EventDate "2014.05.05"]

1. d4 d5 2. c4 e6 3. Nc3 Nf6 4. Bg5 Be7 5. e3 Nbd7 6. Nf3 h6 7. Bh4 a6 8. cxd5
Nxd5 9. Bxe7 Qxe7 10. Bd3 b5 11. Nxd5 exd5 12. O-O c5 13. dxc5 Nxc5 14. Bc2 Bb7
15. Nd4 O-O 16. Rc1 Rac8 17. Qg4 Qg5 18. Qxg5 hxg5 19. Nf5 Kh8 20. Nd6 Rc6 21.
Nxb7 Nxb7 22. Bb3 Rd6 23. Rfd1 Rfd8 24. Rd4 Na5 25. Rcd1 Nxb3 26. axb3 Rc8 27.
Kf1 Rc2 28. R4d2 Rxd2 29. Rxd2 g6 30. Ke2 Kg7 31. Kd3 Kf6 32. Kd4 Ke6 33. Rc2
g4 34. Rc7 g5 35. b4 f5 36. Rh7 Rd8 37. f3 gxf3 38. gxf3 Rc8 39. Rh6+ Kf7 40.
Kxd5 Rc4 41. Ke5 Rxb4 42. Kxf5 a5 43. e4 a4 44. Rb6 Rxb2 45. e5 Rb3 46. f4 gxf4
47. e6+ Ke7 48. Rb7+ Kd6 49. Rb6+ Ke7 50. Rb7+ Kd6 51. Rb6+ Ke7 1/2-1/2

[Event "LIX C.to Torinese Assoluto Semifinale"]
[Site "Torino ITA"]
[Date "2014.05.19"]
[Round "3"]
[White "Bertagia, Roldano"]
[Black "Raccanello, Marianna"]
[WhiteElo "1926"]
[BlackElo "1582"]
[Result "1-0"]
[PlyCount "57"]
[EventDate "2014.05.05"]

1. d4 d5 2. c4 c6 3. Nc3 e6 4. Nf3 Nf6 5. Bg5 Nbd7 6. e3 Qa5 7. Bxf6 Nxf6 8.
Bd3 Bb4 9. Qc2 O-O 10. O-O Re8 11. Rfc1 Bd6 12. a3 e5 13. b4 Qd8 14. cxd5 cxd5
15. dxe5 Bxe5 16. Nxe5 Rxe5 17. Nb5 Bg4 18. Qc7 Re7 19. Qxd8+ Rxd8 20. Nxa7 d4
21. exd4 Rxd4 22. Bf1 Rd2 23. f3 Be6 24. Nc8 Re8 25. Nb6 Nd5 26. Nxd5 Bxd5 27.
Rd1 Rxd1 28. Rxd1 Bc6 29. b5 1-0